| 000 | 01250cam a22003138i 4500 | ||
|---|---|---|---|
| 001 | 5139 | ||
| 003 | BD-RjUL | ||
| 005 | 20211208234022.0 | ||
| 008 | 131224s19861984cau b 001 0 eng | ||
| 020 | _a9781412997805 (pbk.) | ||
| 035 | _a(BD-RjUL)5175 | ||
| 040 |
_aDLC _beng _cDLC _erda |
||
| 041 | _aeng | ||
| 082 | 0 | 0 |
_a320.6072 _223 _bMAM 1986 |
| 100 | 1 |
_aMajchrzak, Ann. _916182 |
|
| 245 | 1 | 0 |
_aMethods for policy research : _btaking socially responsible action / _cAnn Majchrzak, M. Lynne Markus. _nV-3 |
| 250 | _a2nd Edition. | ||
| 260 |
_aLndon : _anew dehi : _bSage publication _c1986 |
||
| 263 | _a1305 | ||
| 300 |
_a109 p. ; _c22 cm. |
||
| 504 | _aIncludes bibliographical references and index. | ||
| 505 | 0 | _aForeword -- Preface -- Acknowledgements -- About the authors -- Make a difference with policy research -- Launch the policy research process -- Synthesize existing evidence -- Obtain new evidence -- Design policy recommendations -- Expand stakeholder engagement -- Reflect on the policy research voyage -- References -- Index. | |
| 526 | _bPolitical Science | ||
| 650 | 0 |
_aPolicy sciences _xResearch. _916183 |
|
| 700 | 1 |
_aMarkus, M. Lynne. _916184 |
|
| 942 |
_2ddc _cBK |
||
| 999 |
_c5139 _d5139 |
||